Lei de introdução às normas do direito brasileiro interpretada : (Record no. 711)

MARC details
000 -LÍDER
Campo Fixo de Controle 00749nam a2200229 a 4500
001 - NÚMERO DE CONTROLE
Campo de Controle 711
003 - IDENTIFICAÇÃO DO NÚMERO DE CONTROLE
Campo de Controle BR-CuiBMT
005 - DATA E HORA DA ÚLTIMA ATUALIZAÇÃO
Campo de Controle 20231114140316.0
008 - DADOS FIXOS
Dados Fixos 231114s2012 spb 000 0 por d
020 ## - INTERNATIONAL STANDARD BOOK NUMBER
Nº do ISBN 9788502143302
040 ## - AGÊNCIA CATALOGADORA
Código da Agência Catalogadora BR-CuiBMT
Agência que transcreveu o registro BR-CuiBMT
080 ## - Nº DA CLASSIFICAÇÃO DECIMAL UNIVERSAL
Nº edição CDU 2007
Nº Class. CDU 347
Subd. Auxiliar Comum (81)(094.5)
090 ## - NÚMERO DE CHAMADA
Nº classificação 347(81)(094.5)
Cutter D585l
Ano/Edição 17. ed.
100 1# - ENTRADA PRINCIPAL -- AUTOR PESSOAL
Nome pessoal Diniz, Maria Helena
Datas associadas ao nome 1956-
245 10 - TÍTULO PRINCIPAL
Título principal Lei de introdução às normas do direito brasileiro interpretada :
Subtítulo de acordo com a lei n. 12.376, de 30 de dezembro de 2010 /
Indicação de responsabilidade Maria Helena Diniz.
250 ## - EDIÇÃO
Edição 17. ed., rev. e atual.
260 ## - PUBLICAÇÃO, DISTRIBUIÇÃO, ETC.
Local de publicação São Paulo :
Editora Saraiva,
Data 2012
300 ## - DESCRIÇÃO FÍSICA
N. páginas ou volumes 487 p. ;
Dimensões 21 cm
504 ## - NOTA DE BIBLIOGRAFIA, ETC.
Nota de bibliografia Inclui bibliografia.
650 ## - ASSUNTO TÓPICO
Cabeçalho tópico ou nome geográfico Direito civil
Subdivisão geográfica Brasil
942 ## - ELEMENTOS DE ENTRADA ADICIONAIS (KOHA)
Fonte de classificação ou esquema de arquivamento Classificação Decimal Universal
Tipo de item do Koha Livros
Holdings
Estado: removido Estado: perdido Fonte de classificação ou esquema de arquivamento Estado: danificado Indisponível para empréstimo Localização permanente Localização atual Data de aquisição Total Checkouts Número de Chamada completo Código de barras Date last seen Número do exemplar Preço efetivo a partir de Tipo de item (Koha)
    Classificação Decimal Universal     Biblioteca da Escola Superior de Contas do TCE/MT Biblioteca da Escola Superior de Contas do TCE/MT 02/04/2013   347(81)(094.5) D585l 17. ed. BIBTCEMT23110562 14/11/2023 Ex. 1 14/11/2023 Livros

Powered by Koha